Acharya J C Bose a scientist & a dreamer / (Record no. 42976)

MARC details
000 -LEADER
fixed length control field 00935nam a22002177a 4500
005 - DATE AND TIME OF LATEST TRANSACTION
control field 20100823123010.0
010 ## - LCCN (DPL NO)
LC control number ENG-101359-60
020 ## - INTERNATIONAL STANDARD BOOK NUMBER
International Standard Book Number 9788190832755( vol 3)
Terms of availability 250.00( vol 3)
020 ## - INTERNATIONAL STANDARD BOOK NUMBER
International Standard Book Number 9788190832779 (vol 5)
Terms of availability 250.00 (vol 5)
035 ## - SYSTEM CONTROL NUMBER
System control number EN-84892-93
037 ## - SOURCE OF ACQUISITION
Source of stock number/acquisition DBAD/PUB
082 ## - DEWEY DECIMAL CLASSIFICATION NUMBER
Classification number 500
245 ## - TITLE STATEMENT
Title Acharya J C Bose a scientist & a dreamer /
Statement of responsibility, etc edited by Prantosh Bhattacharyya
260 ## - PUBLICATION, DISTRIBUTION, ETC. (IMPRINT)
Place of publication, distribution, etc calcutta
Name of publisher, distributor, etc Bose Institute
Date of publication, distribution, etc 1997
270 ## - ADDRESS
Address 93/1 Acharya Prafulla Chandra Roy Road
City Calcutta
Postal code 700009
300 ## - PHYSICAL DESCRIPTION
Extent 3 ,4( 200p,vii,144p)
Dimensions 26cm(Hb)
700 ## - ADDED ENTRY--PERSONAL NAME
Personal name Bhattacharyya Pranthosh
9 (RLIN) 16248
942 ## - ADDED ENTRY ELEMENTS (KOHA)
Source of classification or shelving scheme Dewey Decimal Classification
Item type English Books
Classification part 500
Call number suffix BHA
Holdings
Withdrawn status Lost status Not for loan Collection code Home library Current library Date acquired Source of acquisition Cost, normal purchase price Full call number Barcode Copy number Cost, replacement price Koha item type Public note
    Not For Loan Non-fiction D.B.Act.Division D.B.Act.Division 23/08/2010 DBAD/PUB 250.00 500 BHA EN-84892 1 250.00 English Books v 3
    Not For Loan Non-fiction D.B.Act.Division D.B.Act.Division 23/08/2010 DBAD/PUB 250.00 500 BHA EN-84893 1 250.00 English Books v 5

© Delhi Public Library
Hit Counter
free hit counter